| 000 | 00483nam a2200193Ia 4500 | ||
|---|---|---|---|
| 005 | 20221215115025.0 | ||
| 008 | 131103s9999 xx 000 0 und d | ||
| 040 | _aLoreto College | ||
| 041 | _aEnglish | ||
| 082 |
_a822.08 _bCHA |
||
| 100 | _aCharlton, J.M. | ||
| 245 |
_aPlays of the thirties _cJ.M.Charlton |
||
| 260 |
_aLondon _bPan books ltd. _c1966 |
||
| 300 | _aV.1 | ||
| 650 | _aEnglish drama | ||
| 651 | _aEnglish drama - collection | ||
| 850 | _aLCLIB | ||
| 942 | _cBK | ||
| 999 |
_c22276 _d72755 |
||